Statistics for Okresy ČR

Click here to take the quiz!

General Stats

  • This quiz has been taken 24 times
  • The average score is 46 of 76

Answer Stats

Okresy ČR% Correct
Pardubice
89%
Karlovy Vary
84%
Mladá Boleslav
84%
Domažlice
79%
Hradec Králové
79%
Jihlava
79%
Kladno
79%
Olomouc
79%
Teplice
79%
Zlín
79%
České Budějovice
74%
Karviná
74%
Most
74%
Praha-východ
74%
Praha-západ
74%
Ústí nad Labem
74%
Brno-venkov
68%
Opava
68%
Písek
68%
Tábor
68%
Třebíč
68%
Trutnov
68%
Znojmo
68%
Brno-město
63%
Bruntál
63%
Česká Lípa
63%
Cheb
63%
Děčín
63%
Jablonec nad Nisou
63%
Kolín
63%
Liberec
63%
Plzeň-jih
63%
Plzeň-sever
63%
Příbram
63%
Sokolov
63%
Svitavy
63%
Tachov
63%
Vsetín
63%
Žďár nad Sázavou
63%
Blansko
58%
Chomutov
58%
Frýdek-Místek
58%
Havlíčkův Brod
58%
Litoměřice
58%
Přerov
58%
Šumperk
58%
Uherské Hradiště
58%
Vyškov
58%
Benešov
53%
Beroun
53%
Český Krumlov
53%
Chrudim
53%
Hodonín
53%
Jičín
53%
Mělník
53%
Náchod
53%
Pelhřimov
53%
Prostějov
53%
Rakovník
53%
Rokycany
53%
Strakonice
53%
Břeclav
47%
Jeseník
47%
Jindřichův Hradec
47%
Klatovy
47%
Kroměříž
47%
Kutná Hora
47%
Louny
47%
Nový Jičín
47%
Plzeň-město
47%
Prachatice
47%
Ústí nad Orlicí
47%
Nymburk
42%
Semily
42%
Ostrava-město
37%
Rychnov nad Kněžnou
37%

Score Distribution

Percentile by Number Answered

Percent of People with Each Score

Your Score History

You have not taken this quiz